[Event "Manny Pacquiao op"]
[Site "General Santos City"]
[Date "2022.12.14"]
[Round "4"]
[White "Mangao, Danmaersk"]
[Black "Casiguran, Phil Martin"]
[Result "1-0"]
[WhiteElo "2237"]
[BlackElo "1650"]
[PlyCount "75"]
[EventDate "2022.12.13"]
[EventType "swiss"]
[EventRounds "9"]
[EventCountry "PHI"]
[SourceTitle "EXT 2024"]
[Source "ChessBase"]
[SourceDate "2023.10.10"]
[SourceVersion "1"]
[SourceVersionDate "2023.10.10"]
[SourceQuality "1"]

1. d4 Nf6 2. c4 g6 3. Nc3 Bg7 4. e4 d6 5. f3 0-0 6. Be3 Nc6 7. Nge2 a6 8. Qd2 Rb8 9. a4 e5 10. d5 Ne7 11. Nc1 Ne8 12. Be2 f5 13. 0-0 Nf6 14. b4 f4 15. Bf2 g5 16. c5 h5 17. Nb3 g4 18. b5 Ng6 19. Na5 axb5 20. Nxb5 h4 21. cxd6 cxd6 22. Nc4 g3 23. Bb6 Qd7 24. h3 Nh7 25. Rfc1 Ng5 26. Ncxd6 Qe7 27. Nxc8 Rfxc8 28. Bf1 Qd7 29. Kh1 Kh7 30. a5 Bh6 31. Qd3 Rxc1 32. Rxc1 Rc8 33. Rxc8 Qxc8 34. Qc4 Qxc4 35. Bxc4 Nf7 36. d6 Ngh8 37. Bd5 Bf8 38. d7 1-0

[Event "Bacolod Negros op"]
[Site "Bacolod"]
[Date "2017.10.16"]
[Round "5"]
[White "Mangao, Danmaersk"]
[Black "Elorta, David"]
[Result "1-0"]
[WhiteElo "2146"]
[BlackElo "2313"]
[PlyCount "55"]
[EventDate "2017.10.11"]
[EventType "swiss"]
[EventRounds "9"]
[EventCountry "PHI"]
[SourceTitle "CBM 181 Extra"]
[Source "ChessBase"]
[SourceDate "2017.12.12"]
[SourceVersion "1"]
[SourceVersionDate "2017.12.12"]
[SourceQuality "1"]

1. d4 d5 2. c4 c6 3. Nc3 Nf6 4. Nf3 a6 5. c5 Nbd7 6. Bf4 Nh5 7. Bg5 h6 8. Be3 g5 9. g4 Nhf6 10. Rg1 Qc7 11. h4 gxh4 12. Qd2 e5 13. Nxe5 Nxe5 14. dxe5 Nd7 15. Na4 Nxe5 16. Nb6 Rb8 17. Bd4 Qe7 18. 0-0-0 Rg8 19. f3 Bg7 20. Bh3 Be6 21. f4 Nxg4 22. Bxg4 h3 23. Bxe6 fxe6 24. Rxg7 Rxg7 25. Bxg7 Qxg7 26. Qe3 Qe7 27. Qxh3 Qf6 28. Qg4 1-0

[Event "Bacolod Negros op"]
[Site "Bacolod"]
[Date "2017.10.16"]
[Round "6"]
[White "Mangao, Danmaersk"]
[Black "Laylo, Darwin"]
[Result "1-0"]
[WhiteElo "2146"]
[BlackElo "2402"]
[PlyCount "95"]
[EventDate "2017.10.11"]
[EventType "swiss"]
[EventRounds "9"]
[EventCountry "PHI"]
[SourceTitle "CBM 181 Extra"]
[Source "ChessBase"]
[SourceDate "2017.12.12"]
[SourceVersion "1"]
[SourceVersionDate "2017.12.12"]
[SourceQuality "1"]

1. d4 Nf6 2. c4 g6 3. Nc3 d5 4. Nf3 Bg7 5. g3 0-0 6. cxd5 Nxd5 7. Bg2 Nb6 8. 0-0 Nc6 9. e3 Re8 10. b3 e5 11. Nxe5 Nxe5 12. dxe5 Bxe5 13. Bb2 c6 14. Qe2 Qe7 15. Rfe1 a5 16. f4 Bg7 17. Ne4 Bf5 18. Bxg7 Kxg7 19. Qb2+ f6 20. Nf2 Be6 21. g4 a4 22. g5 axb3 23. axb3 Rxa1 24. Rxa1 Nd7 25. Rd1 Kg8 26. h4 f5 27. b4 Nb6 28. e4 Rd8 29. Rxd8+ Qxd8 30. Qe5 Kf7 31. Bf1 Nd7 32. Qd4 Qb6 33. Qh8 Nf8 34. exf5 gxf5 35. Qc3 Ke8 36. h5 Qc7 37. Qd4 Qd8 38. Qe5 Qe7 39. b5 Nd7 40. Qh8+ Nf8 41. bxc6 bxc6 42. g6 hxg6 43. hxg6 Kd7 44. g7 Ng6 45. Nd3 Bd5 46. Kf2 Qf6 47. Qb8 Qh4+ 48. Ke3 1-0

[Event "Bacolod Negros op"]
[Site "Bacolod"]
[Date "2017.10.13"]
[Round "3"]
[White "Mangao, Danmaersk"]
[Black "Dimakiling, Oliver"]
[Result "1-0"]
[WhiteElo "2146"]
[BlackElo "2419"]
[PlyCount "123"]
[EventDate "2017.10.11"]
[EventType "swiss"]
[EventRounds "9"]
[EventCountry "PHI"]
[SourceTitle "CBM 181 Extra"]
[Source "ChessBase"]
[SourceDate "2017.12.12"]
[SourceVersion "1"]
[SourceVersionDate "2017.12.12"]
[SourceQuality "1"]

1. d4 Nf6 2. Nf3 b5 3. e3 a6 4. c4 bxc4 5. Bxc4 e6 6. Nc3 Be7 7. 0-0 0-0 8. a3 d5 9. Bd3 c5 10. dxc5 Bxc5 11. b4 Ba7 12. Bb2 Nbd7 13. Na4 Bb8 14. Rc1 Bd6 15. Nd4 Bb7 16. Nc6 Qe8 17. Na5 Bc8 18. Qc2 Ra7 19. Qc6 Bb8 20. Qc2 Rc7 21. Qe2 Ne4 22. Nc6 Rxc6 23. Rxc6 Ne5 24. Rxc8 Qxc8 25. Rc1 Qd7 26. Bxe4 Qxa4 27. Bc2 Qb5 28. Bxh7+ Kxh7 29. Qh5+ Kg8 30. Bxe5 d4 31. exd4 f6 32. Qg4 fxe5 33. Qxe6+ Kh7 34. Rc3 g6 35. Rh3+ Kg7 36. Qe7+ Rf7 37. Qd8 Rc7 38. Qh8+ Kf7 39. Rh7+ Ke6 40. Qg8+ Kd6 41. Qxg6+ Kd5 42. Rxc7 Bxc7 43. dxe5 Bxe5 44. g3 Qe2 45. Qf7+ Kd4 46. Kg2 Kc3 47. h4 Qe4+ 48. Qf3+ Qxf3+ 49. Kxf3 Kb3 50. g4 Kxa3 51. g5 Kxb4 52. h5 Bg7 53. h6 Bf8 54. Kg4 Kc4 55. Kf5 a5 56. Kg6 Bc5 57. Kh7 a4 58. g6 a3 59. g7 Kc3 60. f4 a2 61. f5 a1Q 62. g8Q 1-0